000 003270000a22001570004500
001 002794
003 MACL
040 _aMACL
090 _c14787
_d14786
100 _aBronte, Emity
245 _aWuthering Heights
_cEmity Bronte
260 _aMansi Publishing House
350 _a90
650 _aFiction
942 _k823
_cBook
999 _c14702
_d14702